Od nevyhnutnej vojny k večnému mieru podľa osvietenca Immanuela Kanta

Kantova knižka K večnému mieru obsahuje veľmi konkrétny a logicky premyslený plán na uskutočnenie mieru medzi národmi. Dielo bolo reakciou na negatívne prijatie Veľkej francúzskej revolúcie. Pred osvietenstvom, presnejšie pred Kantom, panoval na dejiny ľudstva teocentrický názor, alebo sa vykladali...

Celý popis

Podrobná bibliografia
Hlavný autor: Várossová, Elena, 1926-2010 (Autor)
Médium: Článok
Jazyk:slovenčina
Predmet:

MARC

LEADER 00000nab a2200000 a 4500
001 vtls001511998
003 SK-MaSNL
005 20260426103523.0
008 140228s2002 xo 000 0 slo
035 |a SPKCL14325 
040 |a SPKCL  |b slo  |c SNKBUCL  |d SPK(MH)  |d SNK  |e AACR2 
041 |a slo 
044 |a xo  |c SK 
080 |a 93:172.4  |2 1981 
100 1 |a Várossová, Elena,  |d 1926-2010  |4 aut  |9 13698 
245 1 0 |a Od nevyhnutnej vojny k večnému mieru podľa osvietenca Immanuela Kanta  |c Elena Várossová 
520 |a Kantova knižka K večnému mieru obsahuje veľmi konkrétny a logicky premyslený plán na uskutočnenie mieru medzi národmi. Dielo bolo reakciou na negatívne prijatie Veľkej francúzskej revolúcie. Pred osvietenstvom, presnejšie pred Kantom, panoval na dejiny ľudstva teocentrický názor, alebo sa vykladali komentátorským opisom. Kant vniesol do historiografie vlastný pohľad na dejinný vývoj. 
600 1 7 |a Kant, Immanuel,  |d 1724-1804  |2 snkbucl  |9 107766 
650 0 7 |a historiografia  |2 SNKPH  |9 3848 
650 0 7 |a filozofia  |2 SNKPH  |9 793 
650 0 7 |a názor  |2 SNKPH  |9 1218204 
650 0 7 |a medzinárodné vzťahy  |2 SNKPH  |9 3690 
650 0 7 |a vojny  |2 SNKPH  |9 4454 
650 0 7 |a dejiny  |2 SNKPH  |9 3825 
773 1 |t História  |g Roč. 2, č. 4 (2002) s. 25-26 
850 |a Slovenská pedagogická knižnica Bratislava 
852 |a SPKCL  |b KIS3GCP  |b 000710000  |n SK 
999 |c 3288688  |d 3290618